[Event "DMSl_2006_LSS_R2"]
[Site "SZSzach"]
[Date "2006.02.25"]
[Round "2.34"]
[White "Chrobak, Piotr"]
[Black "Ochodek, Mariusz"]
[Result "1/2-1/2"]
[WhiteElo "2029"]
[BlackElo "2068"]
[PlyCount "40"]
[EventDate "2006.??.??"]

1. e4 c5 2. d4 cxd4 3. c3 d3 4. Bxd3 d6 5. Nf3 Nf6 6. O-O e6 7. c4 Be7 8. Nc3
O-O 9. Qc2 Nc6 10. a3 h6 11. b4 b6 12. Bb2 Bb7 13. Rad1 Qc8 14. Ne2 Nd7 15. Nd2
Nce5 16. f4 Nxd3 17. Qxd3 Qc6 18. f5 e5 19. Nc3 Nf6 20. Nd5 Nxd5 1/2-1/2

[Event "DMSl_2006_LSS_R2"]
[Site "SZSzach"]
[Date "2006.02.25"]
[Round "2.35"]
[White "Moldawski, Michal"]
[Black "Staszczyk, Waldemar"]
[Result "1/2-1/2"]
[WhiteElo "1963"]
[BlackElo "2044"]
[PlyCount "55"]
[EventDate "2006.??.??"]

1. e4 c5 2. Nf3 Nc6 3. d4 cxd4 4. Nxd4 Nf6 5. Nc3 e5 6. Ndb5 d6 7. Bg5 a6 8.
Na3 b5 9. Bxf6 gxf6 10. Nd5 Bg7 11. c3 O-O 12. Nc2 f5 13. exf5 Bxf5 14. Nce3
Be6 15. Be2 Kh8 16. O-O f5 17. f4 Rb8 18. a4 bxa4 19. Rxa4 a5 20. Qd2 Qd7 21.
Raa1 Qa7 22. Kh1 Qc5 23. Nc7 Bc8 24. Ned5 e4 25. Ba6 Bd7 26. Qe2 Bf6 27. Rfd1
Bd8 28. b4 1/2-1/2

[Event "DMSl_2006_LSS_R2"]
[Site "SZSzach"]
[Date "2006.02.25"]
[Round "2.37"]
[White "Walach, Marcin"]
[Black "Mulet, Piotr"]
[Result "1-0"]
[WhiteElo "2383"]
[BlackElo "2218"]
[PlyCount "77"]
[EventDate "2006.??.??"]

1. d4 Nf6 2. c4 g6 3. Nc3 d5 4. cxd5 Nxd5 5. e4 Nxc3 6. bxc3 Bg7 7. Bc4 c5 8.
Ne2 Nc6 9. Be3 cxd4 10. cxd4 Qa5+ 11. Qd2 Qxd2+ 12. Kxd2 O-O 13. Rhd1 Na5 14.
Rac1 Bd7 15. Bd3 Ba4 16. Re1 Rac8 17. d5 Bb2 18. Rxc8 Rxc8 19. Rb1 Be5 20. Bxa7
Nc4+ 21. Bxc4 Rxc4 22. Rxb7 Rc2+ 23. Ke3 Rxa2 24. f4 Bd6 25. e5 Bd1 26. Nc3
Rxa7 27. Rxa7 Bc5+ 28. Kd3 Bxa7 29. Nxd1 f5 30. exf6 exf6 31. Ke4 f5+ 32. Ke5
Kf7 33. d6 Bg1 34. h3 Bb6 35. Nc3 Ba7 36. Nd5 Bb8 37. Nb4 Ba7 38. Nc6 Bb6 39.
d7 1-0

[Event "DMSl_2006_LSS_R2"]
[Site "SZSzach"]
[Date "2006.02.25"]
[Round "2.38"]
[White "Fraczek, Leslaw"]
[Black "Kornasiewicz, Stanislaw"]
[Result "0-1"]
[WhiteElo "1976"]
[BlackElo "2218"]
[PlyCount "91"]
[EventDate "2006.??.??"]

1. d4 d6 2. c4 f5 3. Nf3 Nf6 4. g3 g6 5. Bg2 Bg7 6. Nc3 O-O 7. O-O c6 8. Re1 a5
9. d5 cxd5 10. cxd5 Na6 11. Na4 Bd7 12. Ng5 b5 13. Nc3 h6 14. Ne6 Bxe6 15. dxe6
Rb8 16. e4 b4 17. Nd5 Nxd5 18. exd5 Kh7 19. Rb1 Nc5 20. Be3 Qc7 21. Qc2 Rfc8
22. Rbc1 Qb7 23. Qd2 Na4 24. Bd4 Bxd4 25. Qxd4 Nc5 26. Rc4 Rf8 27. Qe3 Qb5 28.
Rh4 f4 29. Rxf4 Qd3 30. Qc1 Rxf4 31. Qxf4 Qf5 32. Qxf5 gxf5 33. b3 Kg6 34. Rd1
Kf6 35. f4 a4 36. bxa4 Nxa4 37. Rd2 Nc3 38. Bf1 h5 39. Bc4 Rc8 40. Bb3 h4 41.
Kg2 Rg8 42. Kf3 h3 43. Rd4 Rb8 44. g4 fxg4+ 45. Kxg4 Rg8+ 46. Kxh3 0-1

[Event "DMSl_2006_LSS_R2"]
[Site "SZSzach"]
[Date "2006.02.25"]
[Round "2.39"]
[White "Michalczyk, Stanislaw"]
[Black "Tomanek, Jerzy"]
[Result "1-0"]
[WhiteElo "2120"]
[BlackElo "1974"]
[PlyCount "85"]
[EventDate "2006.??.??"]

1. e4 e6 2. d4 d5 3. e5 c5 4. c3 Qb6 5. Nf3 Nc6 6. a3 Bd7 7. b4 cxd4 8. cxd4
Nge7 9. Nc3 Nf5 10. Na4 Qc7 11. Be2 Ncxd4 12. Nxd4 Nxd4 13. Qxd4 Bxa4 14. O-O
Qd7 15. Re1 Bb5 16. Bd1 b6 17. a4 Bc4 18. Bd2 g6 19. Rc1 Rc8 20. h4 h5 21. Bc2
Bh6 22. Bxh6 Rxh6 23. Qf4 Rh8 24. Re3 Qe7 25. b5 Rf8 26. Bd3 Qb4 27. Bxc4 Qxa4
28. Rec3 Qb4 29. Bxd5 Rxc3 30. Qxb4 Rxc1+ 31. Kh2 exd5 32. Qd6 Rc5 33. Qb8+ Ke7
34. Qxa7+ Ke8 35. Qxb6 Rc8 36. Qb7 Rd8 37. b6 d4 38. Qc6+ Ke7 39. Qf6+ Ke8 40.
e6 Rb8 41. e7 Rg8 42. Qe5 f6 43. Qxb8+ 1-0

[Event "DMSl_2006_LSS_R2"]
[Site "SZSzach"]
[Date "2006.02.25"]
[Round "2.40"]
[White "Kapusta, Tadeusz"]
[Black "Brozek, Zbigniew"]
[Result "1/2-1/2"]
[WhiteElo "2076"]
[BlackElo "2108"]
[PlyCount "27"]
[EventDate "2006.??.??"]

1. d4 Nf6 2. Nf3 d5 3. e3 e6 4. Bd3 Bd6 5. O-O Nbd7 6. Nbd2 O-O 7. e4 e5 8.
exd5 exd4 9. Nxd4 Nxd5 10. Nc4 N7b6 11. Nxd6 Qxd6 12. c3 c6 13. Qf3 Qf6 14.
Qxf6 1/2-1/2

[Event "DMSl_2006_LSS_R2"]
[Site "SZSzach"]
[Date "2006.02.25"]
[Round "2.41"]
[White "Zawierucha, Aleksander"]
[Black "Wiecek, Pawel"]
[Result "1-0"]
[WhiteElo "2039"]
[BlackElo "1987"]
[PlyCount "76"]
[EventDate "2006.??.??"]

1. e4 e5 2. Nf3 Nc6 3. Bc4 Nf6 4. d3 Be7 5. Nbd2 O-O 6. Nf1 d5 7. exd5 Nxd5 8.
Ne3 Be6 9. Nxd5 Bxd5 10. Bxd5 Qxd5 11. O-O Rad8 12. Bd2 f5 13. Bc3 Bf6 14. Re1
Rfe8 15. Nd2 Nd4 16. Nf1 Qc6 17. Ne3 g6 18. Nc4 b5 19. Na5 Qb6 20. Nb3 Nxb3 21.
axb3 b4 22. Bd2 e4 23. Ra2 Bd4 24. Be3 f4 25. Bxd4 Qxd4 26. h3 exd3 27. Rxe8+
Rxe8 28. cxd3 Rd8 29. Qe2 Kf8 30. Qc2 Qxd3 31. Qxc7 Rd7 32. Qxf4+ Kg7 33. Qe5+
Kf7 34. Ra5 Qxb3 35. Qh8 Qd1+ 36. Kh2 Qd6+ 37. g3 Qf6 38. Qxh7+ Ke8 1-0

[Event "DMSl_2006_LSS_R2"]
[Site "SZSzach"]
[Date "2006.02.25"]
[Round "2.43"]
[White "Wolak, Marek"]
[Black "Mrozek, Przemyslaw"]
[Result "1/2-1/2"]
[WhiteElo "2111"]
[BlackElo "2213"]
[PlyCount "28"]
[EventDate "2006.??.??"]

1. e4 c5 2. Nf3 Nc6 3. d4 cxd4 4. Nxd4 e5 5. Nb5 d6 6. a4 Nf6 7. N1c3 Be6 8.
Be2 Be7 9. O-O O-O 10. Be3 Rc8 11. Kh1 d5 12. exd5 Nxd5 13. Nxd5 Qxd5 14. Qxd5
Bxd5 1/2-1/2

[Event "DMSl_2006_LSS_R2"]
[Site "SZSzach"]
[Date "2006.02.25"]
[Round "2.44"]
[White "Olchowy, Tadeusz"]
[Black "Kolodziej, Szymon"]
[Result "1-0"]
[WhiteElo "2074"]
[BlackElo "2014"]
[PlyCount "40"]
[EventDate "2006.??.??"]

1. d4 g6 2. g3 Bg7 3. Bg2 Nf6 4. e4 d6 5. Ne2 O-O 6. O-O Nc6 7. h3 e5 8. d5 Ne7
9. Bg5 c6 10. c4 cxd5 11. exd5 Bd7 12. Nbc3 h6 13. Be3 Nh7 14. Qd2 h5 15. f4 f5
16. fxe5 Bxe5 17. Nf4 Qe8 18. Bd4 g5 19. Bxe5 dxe5 20. Nd3 Ng6 1-0

[Event "DMSl_2006_LSS_R2"]
[Site "SZSzach"]
[Date "2006.02.25"]
[Round "2.45"]
[White "Hasinski, Krystian"]
[Black "Miszczak, Dariusz"]
[Result "0-1"]
[WhiteElo "2052"]
[BlackElo "2127"]
[PlyCount "107"]
[EventDate "2006.??.??"]

1. c4 e5 2. Nc3 Nc6 3. g3 Nf6 4. Bg2 Bb4 5. Nf3 O-O 6. O-O e4 7. Ng5 Bxc3 8.
dxc3 Qe7 9. b4 d6 10. b5 Nd8 11. f3 exf3 12. exf3 d5 13. cxd5 Qc5+ 14. Qd4
Qxd4+ 15. cxd4 Nxd5 16. Re1 Ne6 17. Nxe6 Bxe6 18. a4 a6 19. Bd2 Rfd8 20. f4
Rab8 21. Re5 Nb6 22. Bc3 Nd7 23. Ree1 Bc4 24. Rab1 axb5 25. axb5 Nf6 26. Rb4
Bd5 27. Bf1 Ra8 28. Re7 Rd7 29. Rxd7 Nxd7 30. Bc4 Nb6 31. Bf1 Kf8 32. Rb1 Ra2
33. Bb4+ Ke8 34. Re1+ Kd8 35. Be7+ Kd7 36. Bf8 g6 37. Bc5 Nc8 38. Re5 Be6 39.
h3 Rd2 40. Bg2 c6 41. bxc6+ bxc6 42. g4 Nd6 43. f5 gxf5 44. Bxd6 Kxd6 45. gxf5
Bd5 46. Bxd5 cxd5 47. f6 Rxd4 48. Re7 Rh4 49. Kg2 Rh6 50. Rxf7 Ke6 51. Re7+
Kxf6 52. Re8 Kf5 53. Kg3 Rd6 54. Kf3 0-1

[Event "DMSl_2006_LSS_R2"]
[Site "SZSzach"]
[Date "2006.02.25"]
[Round "2.49"]
[White "Lach, Krzysztof"]
[Black "Kobialko, Dawid"]
[Result "1-0"]
[WhiteElo "2029"]
[BlackElo "2084"]
[PlyCount "69"]
[EventDate "2006.??.??"]

1. e4 e6 2. d4 d5 3. Nd2 Nc6 4. e5 Nxd4 5. c3 Nc6 6. Ngf3 f6 7. Bb5 Bd7 8. exf6
Qxf6 9. O-O O-O-O 10. Nb3 h6 11. Re1 Bd6 12. Qe2 Nge7 13. Be3 e5 14. Nfd2 Kb8
15. Nc5 Bc8 16. Rad1 Rhf8 17. b4 e4 18. Rc1 Qe5 19. g3 Qf5 20. Bxc6 Nxc6 21.
Qb5 Bxc5 22. bxc5 d4 23. cxd4 Nxd4 24. Bxd4 Rxd4 25. Qe2 Bd7 26. Nb3 Rd3 27.
Rc2 Bc6 28. Na5 Be8 29. Rb2 Bh5 30. Rxb7+ Kc8 31. Qb2 Qxc5 32. Rb8+ Kd7 33.
Rxf8 Qxf8 34. Qb5+ Kc8 35. Qxh5 1-0

[Event "DMSl_2006_LSS_R2"]
[Site "SZSzach"]
[Date "2006.02.25"]
[Round "2.50"]
[White "Matuszczyk, Przemyslaw"]
[Black "Przybylka, Damian"]
[Result "1-0"]
[WhiteElo "1971"]
[BlackElo "2091"]
[PlyCount "59"]
[EventDate "2006.??.??"]

1. e4 e6 2. d4 d5 3. Nd2 Nf6 4. e5 Nfd7 5. c3 c5 6. Bd3 Nc6 7. Ne2 f6 8. exf6
gxf6 9. Nf4 Qe7 10. Qh5+ Qf7 11. Bg6 hxg6 12. Qxh8 cxd4 13. O-O g5 14. Nh5 Nce5
15. Ng3 Ng6 16. Qh5 d3 17. Nb3 Nde5 18. Qd1 Nf4 19. Re1 Qg6 20. h4 Bd7 21. hxg5
Qxg5 22. Bxf4 Qxf4 23. Qh5+ Kd8 24. Qh8 Kc7 25. Nh5 Nf3+ 26. gxf3 Qxf3 27. Re3
Qg4+ 28. Rg3 Qe2 29. Nf4 Qxb2 30. Nxd3 1-0

[Event "DMSl_2006_LSS_R2"]
[Site "SZSzach"]
[Date "2006.02.25"]
[Round "2.51"]
[White "Kempa, Stefan"]
[Black "Tobolski, Jakub"]
[Result "1-0"]
[WhiteElo "2164"]
[BlackElo "1939"]
[Annotator "Zapisy dalej nieczytelne"]
[PlyCount "54"]
[EventDate "2006.??.??"]

1. Nf3 d5 2. c4 Nf6 3. cxd5 Nxd5 4. g3 g6 5. Bg2 Bg7 6. Nc3 Nxc3 7. bxc3 O-O 8.
O-O Nc6 9. Rb1 e5 10. e4 Rb8 11. d3 Be6 12. Qc2 h6 13. Ba3 Re8 14. Rfd1 f5 15.
Nh4 Qf6 16. exf5 gxf5 17. Bc5 e4 18. f3 b6 19. Ba3 Bd5 20. Bc1 Qe6 21. Re1 Bxa2
22. Rb5 Bd4+ 23. cxd4 Nxd4 24. Qa4 Nxb5 25. Qxb5 Bd5 26. Bh3 Rf8 27. Bb2 Rf7
1-0

[Event "DMSl_2006_LSS_R2"]
[Site "SZSzach"]
[Date "2006.02.25"]
[Round "2.52"]
[White "Walczak, Piotr"]
[Black "Obrochta, Bogdan"]
[Result "1-0"]
[WhiteElo "2023"]
[BlackElo "2061"]
[PlyCount "79"]
[EventDate "2006.??.??"]

1. c4 Nf6 2. Nc3 d6 3. g3 g6 4. Bg2 Bg7 5. Nf3 O-O 6. O-O e5 7. d3 a5 8. Rb1
Nc6 9. a3 Be6 10. Ng5 Bd7 11. b4 axb4 12. axb4 h6 13. Nf3 Ne7 14. c5 Qc8 15.
Re1 Bh3 16. Bh1 Ne8 17. e4 Bg4 18. Qc2 Qd7 19. Nd5 Nxd5 20. exd5 f5 21. c6 Qc8
22. cxb7 Qxb7 23. Qc6 Rb8 24. b5 g5 25. Nd2 f4 26. f3 Bf5 27. Ne4 Qa7+ 28. Kf1
fxg3 29. hxg3 Qd4 30. Qc4 Bh3+ 31. Ke2 Qa7 32. Be3 Qb7 33. Rb2 Bd7 34. Reb1 Kh7
35. Bg2 Nf6 36. Nc3 Rbc8 37. Ra2 Ra8 38. Ra6 Bxb5 39. Rxa8 Bxc4 40. Rxb7 1-0

[Event "DMSl_2006_LSS_R2"]
[Site "SZSzach"]
[Date "2006.02.25"]
[Round "2.55"]
[White "Lizak, Sebastian"]
[Black "Latka, Wieslaw"]
[Result "0-1"]
[WhiteElo "2077"]
[BlackElo "2106"]
[PlyCount "126"]
[EventDate "2006.??.??"]

1. c4 e6 2. Nc3 b6 3. Nf3 Bb7 4. g3 f5 5. Bg2 Nf6 6. d4 Be7 7. a3 O-O 8. O-O
Ne4 9. Qc2 Nxc3 10. Qxc3 Bf6 11. Bf4 d6 12. Rad1 Qe7 13. Qc1 Nd7 14. b4 Rae8
15. c5 bxc5 16. bxc5 Ba6 17. cxd6 cxd6 18. Qc6 Bxe2 19. Bxd6 Qf7 20. Bxf8 Rxf8
21. Rde1 Bxf1 22. Bxf1 Nb6 23. Qxe6 Qxe6 24. Rxe6 Rd8 25. Ne5 h6 26. Bh3 Rxd4
27. Re8+ Kh7 28. Bxf5+ g6 29. Nxg6 Kg7 30. Nf4 Ra4 31. Rb8 Be5 32. Nh5+ Kf7 33.
Rb7+ Kf8 34. Rh7 Rxa3 35. Rxh6 Ra2 36. Be6 Rb2 37. f4 Bd4+ 38. Kh1 Na4 39. f5
Nc5 40. Rh7 a5 41. Bd5 Nd3 42. f6 Nf2+ 43. Kg2 Ne4+ 44. Kf1 Rf2+ 45. Ke1 Bc3+
46. Kd1 Rd2+ 47. Ke1 Rxd5+ 48. Ke2 Nxf6 49. Nxf6 Bxf6 50. Ra7 Bc3 51. h4 Rf5
52. Ke3 Be1 53. g4 Rb5 54. h5 Rg5 55. Kf3 Bd2 56. Rd7 Bb4 57. Kf4 Rg7 58. Rd8+
Ke7 59. Ra8 Bd2+ 60. Kg3 Kd6 61. Kh4 Be1+ 62. Kh3 Re7 63. Rd8+ Ke6 0-1

[Event "DMSl_2006_LSS_R2"]
[Site "SZSzach"]
[Date "2006.02.25"]
[Round "2.56"]
[White "Marzec, Jaroslaw"]
[Black "Gondzik, Dawid"]
[Result "1-0"]
[WhiteElo "2095"]
[BlackElo "2042"]
[PlyCount "63"]
[EventDate "2006.??.??"]

1. f4 d5 2. e3 c5 3. b3 Nf6 4. Bb2 Nc6 5. Nf3 Bg4 6. Be2 e6 7. O-O Qc7 8. Ne5
Bxe2 9. Qxe2 Bd6 10. d4 O-O 11. c4 b6 12. Nd2 Nd7 13. Nd3 f5 14. Rac1 Nf6 15.
cxd5 exd5 16. dxc5 bxc5 17. Nxc5 Rfe8 18. Nd3 Qb6 19. Rfe1 Ng4 20. Nf1 d4 21.
Qf3 Rac8 22. Qd5+ Kh8 23. Qxd6 dxe3 24. Qc5 e2 25. Ng3 Qd8 26. Nf2 Qh4 27. Nxg4
Qxg4 28. Qxf5 Qxf5 29. Nxf5 Nb4 30. Rxc8 Rxc8 31. Bxg7+ Kg8 32. Ne7+ 1-0

[Event "DMSl_2006_LSS_R2"]
[Site "SZSzach"]
[Date "2006.02.25"]
[Round "2.57"]
[White "Dzierzak, Boguslaw"]
[Black "Binkiewicz, Dariusz"]
[Result "1-0"]
[WhiteElo "2198"]
[BlackElo "2094"]
[PlyCount "153"]
[EventDate "2006.??.??"]

1. e4 e6 2. d4 d5 3. Nd2 Nf6 4. e5 Nfd7 5. Bd3 c5 6. c3 Nc6 7. Ne2 Qb6 8. Nf3
cxd4 9. cxd4 Bb4+ 10. Bd2 Bxd2+ 11. Qxd2 Qb4 12. Rc1 Qxd2+ 13. Kxd2 Nb6 14. b3
Bd7 15. Rc5 Rc8 16. Rhc1 Ke7 17. Nf4 g6 18. a4 Na8 19. h4 Rhg8 20. g3 h6 21.
Ng2 Rcf8 22. Ke3 Rc8 23. Nf4 Nb4 24. Nh2 b6 25. Rxc8 Rxc8 26. Rxc8 Bxc8 27. Ng4
h5 28. Nf6 Nc7 29. f3 Nxd3 30. Kxd3 Ne8 31. Nxe8 Kxe8 32. g4 hxg4 33. fxg4 a5
34. h5 gxh5 35. gxh5 Kf8 36. h6 Kg8 37. Nh5 Kh7 38. Nf6+ Kxh6 39. Ke3 Kg5 40.
Kd3 Kf4 41. Kc3 Ke3 42. Ng4+ Ke4 43. Nh6 Bd7 44. Nxf7 Kf5 45. Nd6+ Kf4 46. Kd2
Kf3 47. Kd3 Kf2 48. Kc3 Ke3 49. Nb7 Bc8 50. Nd8 Bd7 51. Nf7 Be8 52. Ng5 Bd7 53.
Nh7 Bc8 54. Nf6 Kf4 55. Ne8 Bd7 56. Nc7 Ke4 57. Na8 b5 58. axb5 Bxb5 59. Nb6
Ke3 60. Nc8 Bd7 61. Nd6 Bc6 62. Nf7 Be8 63. Nd8 Bd7 64. Nb7 a4 65. bxa4 Bxa4
66. Nc5 Bc6 67. Nxe6 Ke4 68. Ng7 Kf4 69. e6 Kg5 70. e7 Kf6 71. e8=Q Bxe8 72.
Nxe8+ Ke7 73. Ng7 Kf7 74. Nf5 Kf6 75. Ne3 Ke6 76. Kb4 Kd6 77. Kb5 1-0

[Event "DMSl_2006_LSS_R2"]
[Site "SZSzach"]
[Date "2006.02.25"]
[Round "2.61"]
[White "Szopka, Dariusz"]
[Black "Kliber, Aleksander"]
[Result "1-0"]
[WhiteElo "2204"]
[BlackElo "2082"]
[PlyCount "69"]
[EventDate "2006.??.??"]

1. e4 e5 2. Nf3 Nc6 3. d4 exd4 4. Nxd4 Nf6 5. Nc3 Bb4 6. Nxc6 bxc6 7. Bd3 d5 8.
exd5 cxd5 9. O-O O-O 10. Bg5 c6 11. a3 Be7 12. Re1 h6 13. Bh4 a5 14. Qe2 Ra7
15. h3 Be6 16. f4 Bc8 17. Bf2 d4 18. Ne4 Be6 19. Nxf6+ Bxf6 20. Qe4 g6 21. Qxc6
Bd5 22. Qc5 Qa8 23. Bf1 Rc8 24. Qb6 Rc6 25. Qb5 Rc8 26. Rad1 Be6 27. Bxd4 Bxd4+
28. Rxd4 Rxc2 29. Qd3 Rc8 30. Rxe6 fxe6 31. Qxg6+ Rg7 32. Qxe6+ Kh8 33. Qxh6+
Rh7 34. Qf6+ Rg7 35. Rd7 1-0

[Event "DMSl_2006_LSS_R2"]
[Site "SZSzach"]
[Date "2006.02.25"]
[Round "2.63"]
[White "Majczyna, Andrzej"]
[Black "Banasik, Marian"]
[Result "0-1"]
[WhiteElo "2055"]
[BlackElo "2229"]
[PlyCount "86"]
[EventDate "2006.??.??"]

1. d4 b5 2. e3 Bb7 3. f4 e6 4. Nf3 b4 5. Bd3 Nf6 6. Nbd2 c5 7. c3 Qc7 8. O-O
Nc6 9. Ne5 bxc3 10. bxc3 cxd4 11. cxd4 Nb4 12. Ndf3 Be7 13. Bb2 O-O 14. Rc1 Qa5
15. Bc3 Qxa2 16. Ra1 Qd5 17. Bc4 Qd6 18. Bxb4 Qxb4 19. Rb1 Bxf3 20. Qxf3 Qd6
21. g4 Rfd8 22. g5 Ne8 23. Bd3 f5 24. Rb7 g6 25. Rxd7 Rxd7 26. Qxa8 Rd8 27.
Qxa7 Nc7 28. Rc1 Nd5 29. Kf2 Qb4 30. Rc2 Qb3 31. Qa6 Nb4 32. Qc4 Qxc4 33. Rxc4
Bd6 34. Be2 Ra8 35. Nd7 Nd5 36. Ne5 Ra3 37. Rc8+ Kg7 38. Nd3 Nc3 39. Bf3 Nb1
40. Rc6 Bf8 41. Ne5 Ra2+ 42. Kg3 Nd2 43. Rxe6 Nf1+ 0-1

[Event "DMSl_2006_LSS_R2"]
[Site "SZSzach"]
[Date "2006.02.25"]
[Round "2.64"]
[White "Bien, Zygmunt"]
[Black "Goliszek, Wieslaw"]
[Result "1/2-1/2"]
[WhiteElo "2029"]
[BlackElo "2120"]
[PlyCount "58"]
[EventDate "2006.??.??"]

1. e4 Nc6 2. Nf3 d6 3. Bc4 Nf6 4. Nc3 g6 5. d4 Bg4 6. Be3 Bg7 7. h3 Bxf3 8.
Qxf3 O-O 9. h4 e5 10. d5 Nd4 11. Qd1 c6 12. dxc6 bxc6 13. f3 d5 14. Bd3 Ne6 15.
Bg5 Nf4 16. Qd2 d4 17. Nd1 Qd6 18. g3 Nxd3+ 19. cxd3 Nh5 20. g4 Nf4 21. Bxf4
exf4 22. h5 Rfb8 23. hxg6 fxg6 24. b3 Bf8 25. Kf1 Qf6 26. Qc2 Rb5 27. Nb2 a5
28. Ke2 Bb4 29. Na4 Ba3 1/2-1/2